Xách ba lô lên và đi T.2

Đây là cuốn nhật ký hành trình đến Châu Phi của Huyền chip, là những trải nghiệm được cô chia sẻ rất thật và dịu dàng đến mức khó tin, chẳng hạn như: "Tìm việc ở Addis Ababa", "Làm bà mai ở Dodona", "Đi lánh nạm ở Kilif...

Celý popis

Uloženo v:
Podrobná bibliografie
Hlavní autor: Huyền chip
Médium: Kniha
Jazyk:Undetermined
Vydáno: H. Văn học 2013
Témata:
On-line přístup:http://lrc.tdmu.edu.vn/opac/search/detail.asp?aID=2&ID=19949
Tagy: Přidat tag
Žádné tagy, Buďte první, kdo otaguje tento záznam!
Thư viện lưu trữ: Trung tâm Học liệu Trường Đại học Thủ Dầu Một
LEADER 01116nam a2200229Ia 4500
001 TDMU_19949
008 210410s9999 xx 000 0 und d
082 |a 895.9228403 
090 |b H527 
100 |a Huyền chip 
245 0 |a Xách ba lô lên và đi 
245 0 |c Huyền chip 
245 0 |n T.2 
245 0 |p Đừng chết ở Châu Phi! 
260 |a H. 
260 |b Văn học 
260 |c 2013 
300 |a 333tr. 
520 |a Đây là cuốn nhật ký hành trình đến Châu Phi của Huyền chip, là những trải nghiệm được cô chia sẻ rất thật và dịu dàng đến mức khó tin, chẳng hạn như: "Tìm việc ở Addis Ababa", "Làm bà mai ở Dodona", "Đi lánh nạm ở Kilifi", "Lẻn vào great Zimbabwe"... 
650 |a Huyền chip (Nguyễn Thị Huyền Trang); Văn học Việt Nam  |v Nhật ký  |x Hành trình và du lịch 
856 |u http://lrc.tdmu.edu.vn/opac/search/detail.asp?aID=2&ID=19949 
980 |a Trung tâm Học liệu Trường Đại học Thủ Dầu Một